Národná prírodná rezervácia Humenec, významná lokalita stredného Pohornádia

Podrobná bibliografia
Hlavný autor: Stano, V. (Author)
Médium: Článok
Jazyk:Slovak
Témy:
Zdroj: 1. Chránené územia Slovenska 1. 1335-1737 1. Č. 60 (2004), s. 3-5
LEADER 00875nab#a2200325#ar4500
001 000049721
003 SVKKK
005 20080130101107.0
008 041006c2004 xo e slo
FMT
038 |a SVKKK 
040 |a SVKKK  |b slo  |e AACR2 
041 0 |a slo 
044 |a xo  |c SK 
080 |a 502.4  |2 1997 
100 1 |a Stano, V.  |4 aut 
245 1 0 |a Národná prírodná rezervácia Humenec, významná lokalita stredného Pohornádia  |c V. Stano 
300 |b Fotogr. 
504 |a Bibliogr. odkazy 
650 0 4 |a rezervácia prírodná národná  |x ochrana  |z Humenec, Slovensko 
651 4 |a Humenec (Slovensko : rezervácia prírodná)  |x ochrana 
773 0 |t Chránené územia Slovenska  |x 1335-1737  |g Č. 60 (2004), s. 3-5 
957 |a 702 
958 |a HE 
958 |a NB 
974 |a MI 
992 |a RBX 
BAS
852 |a SVKKK  |b BIB 
998 |a REG